| 000 | 00397nam a2200157 a 4500 | ||
|---|---|---|---|
| 008 | 960227s1970||||[C 0 slo c | ||
| 040 |
_aSNK _bslo _cSNK _eAACR2 |
||
| 041 | 1 | _aslo | |
| 044 |
_axo _cSK |
||
| 100 | 1 |
_aStrong, Donald _4aut |
|
| 245 | 1 | 0 |
_aAntické umenie _cDonald Strong |
| 260 |
_aBratislava _bPallas _c1970 |
||
| 500 | _aNáhrada za stratený exemplár | ||
| 020 | _c95 | ||
| 958 | _aA | ||
| 999 |
_c14968 _d14968 |
||